[Event "Torneo Exhibición Mirabal Eliminatorias"]
[Site "Boadilla del Monte ESP"]
[Date "2007.05.06"]
[Round "3.6"]
[White "Fernandez Blazquez, Diego"]
[Black "Alonso Fernandez, Marcos"]
[Result "1-0"]
[WhiteElo "2055"]
[BlackElo "2439"]
[PlyCount "134"]
[EventDate "2007.05.06"]
[EventType "k.o."]
[EventRounds "3"]
[EventCountry "ESP"]
[Source "lmi"]
[SourceDate "2007.05.05"]

1. e4 c5 2. Nf3 d6 3. d4 cxd4 4. Nxd4 Nf6 5. Nc3 a6 6. Bg5 e6 7. f4 Nbd7 8. Qf3
Qc7 9. O-O-O b5 10. Bd3 Qb6 11. Nxe6 fxe6 12. e5 Bb7 13. Qh3 dxe5 14. fxe5
O-O-O 15. exf6 gxf6 16. Be3 Bc5 17. Rhe1 Bxe3+ 18. Rxe3 Bxg2 19. Qxe6 Qxe6 20.
Rxe6 Kb7 21. Be4+ Bxe4 22. Nxe4 Rhf8 23. Re7 Kc8 24. Rxh7 f5 25. Ng5 Nf6 26.
Rxd8+ Rxd8 27. Rf7 Rd6 28. h4 f4 29. c3 a5 30. Kc2 Nd5 31. Nf3 a4 32. Nd4 Rh6
33. Nf3 Rd6 34. b3 Ne3+ 35. Kb2 Nd1+ 36. Ka3 Nxc3 37. Rxf4 axb3 38. Kxb3 Nd5
39. Rd4 Kc7 40. h5 Rf6 41. Rxd5 Rxf3+ 42. Kb4 Rf2 43. a3 Rb2+ 44. Kc3 Rb1 45.
Kc2 Ra1 46. Kb2 Rh1 47. Rxb5 Rh3 48. a4 Kc6 49. Rg5 Kb6 50. a5+ Ka6 51. Kc2 Ra3
52. Kd2 Rh3 53. Ke2 Ra3 54. Kf2 Rc3 55. Kg2 Rc2+ 56. Kg3 Rc3+ 57. Kf4 Rc4+ 58.
Kf5 Kxa5 59. Kg6+ Kb6 60. h6 Rc6+ 61. Kh7 Rc1 62. Kh8 Kc7 63. h7 Kd6 64. Kg7
Rc7+ 65. Kh6 Rc8 66. Rg8 Rc1 67. h8=Q Kd5 1-0